[Event "GRE-ch qual"]
[Site "Athens"]
[Date "1997.??.??"]
[Round "8"]
[White "Dedes, Nikolaos"]
[Black "Bousios, Hristos"]
[Result "1-0"]
[WhiteElo "2230"]
[BlackElo "2190"]
[PlyCount "29"]
[EventDate "1997.??.??"]
[EventType "tourn"]
[EventRounds "9"]
[EventCountry "GRE"]
[EventCategory "2"]
[SourceTitle "EXT 2004"]
[Source "ChessBase"]
[SourceDate "2003.11.25"]
[SourceVersion "1"]
[SourceVersionDate "2003.11.25"]
[SourceQuality "1"]

1. g3 c5 2. Bg2 g6 3. Nf3 Bg7 4. 0-0 Nc6 5. c4 Nf6 6. Nc3 d5 7. cxd5 Nxd5 8. Qa4 Ndb4 9. a3 Na6 10. d3 0-0 11. Qh4 Nd4 12. Nxd4 Qxd4 13. Qxe7 Bf6 14. Qe4 Qd8 15. Nd5 1-0

[Event "GRE-ch qual"]
[Site "Athens"]
[Date "1997.??.??"]
[Round "4"]
[White "Dedes, Nikolaos"]
[Black "Logothetis, Sotirios"]
[Result "0-1"]
[WhiteElo "2230"]
[BlackElo "2095"]
[PlyCount "56"]
[EventDate "1997.??.??"]
[EventType "tourn"]
[EventRounds "9"]
[EventCountry "GRE"]
[EventCategory "2"]
[SourceTitle "EXT 2004"]
[Source "ChessBase"]
[SourceDate "2003.11.25"]
[SourceVersion "1"]
[SourceVersionDate "2003.11.25"]
[SourceQuality "1"]

1. g3 d5 2. Bg2 g6 3. c4 d4 4. b4 Bg7 5. d3 e5 6. h4 h5 7. Nd2 Ne7 8. Nb3 0-0 9. a4 c6 10. Nf3 Na6 11. Ba3 Nc7 12. 0-0 Re8 13. b5 Ne6 14. Ng5 Nxg5 15. hxg5 Qc7 16. Qd2 Bf8 17. Nc5 Bf5 18. Rfb1 Rab8 19. Rb3 cxb5 20. axb5 Nc8 21. Ne4 Bxe4 22. Bxe4 Bc5 23. Kg2 Nd6 24. Bd5 Re7 25. Bxc5 Qxc5 26. Qb4 Qxb4 27. Rxb4 b6 28. Rba4 Nc8 0-1

[Event "GRE-chT"]
[Site "Athens"]
[Date "1996.??.??"]
[Round "8"]
[White "Dedes, Nikolaos"]
[Black "Dimitriadis, Konstantinos"]
[Result "0-1"]
[WhiteElo "2230"]
[BlackElo "2340"]
[PlyCount "114"]
[EventDate "1996.??.??"]
[EventType "team"]
[EventRounds "9"]
[EventCountry "GRE"]
[SourceTitle "CBM 055 Extra"]
[Source "ChessBase"]
[SourceDate "1997.01.01"]
[SourceVersion "1"]
[SourceVersionDate "1997.01.01"]
[SourceQuality "1"]

1. g3 g6 2. Bg2 Bg7 3. Nf3 f5 4. c4 Nf6 5. Nc3 0-0 6. 0-0 d6 7. Rb1 e5 8. d3 h6 9. b4 g5 10. b5 Qe8 11. Nd5 Nxd5 12. cxd5 Nd7 13. Qc2 Qd8 14. a4 Nf6 15. Rb4 b6 16. Rc4 Rf7 17. Bb2 Bb7 18. e4 fxe4 19. dxe4 a5 20. Rc1 Ne8 21. Qe2 Bc8 22. Nd2 g4 23. Nf1 h5 24. R1c3 Qf6 25. Bc1 Bh6 26. Bxh6 Qxh6 27. Ne3 Bd7 28. Nf5 Bxf5 29. exf5 Rd8 30. h3 Rdd7 31. hxg4 hxg4 32. Rxg4+ Rg7 33. Rh4 Qg5 34. Rh5 Qg4 35. Qxg4 Rxg4 36. Bh3 Rxa4 37. f6 Nxf6 38. Be6+ Kg7 39. Rg5+ Kh6 40. Rf5 Ne4 41. Rc1 Re7 42. Rf8 Kg7 43. Rg8+ Kf6 44. Rf8+ Kg7 45. Rg8+ Kh7 46. Rc8 Nc5 47. Bf5+ Kg7 48. Kg2 Kf6 49. g4 e4 50. Rf8+ Kg7 51. Rc8 Kf6 52. Rf8+ Ke5 53. g5 Nd3 54. Rd1 Rg7 55. Be6 Rxg5+ 56. Kf1 Kd4 57. f4 Rg3 0-1

[Event "GRE-ch active"]
[Site "Athens"]
[Date "1996.??.??"]
[Round "4"]
[White "Dedes, Nikolaos"]
[Black "Grivas, Efstratios"]
[Result "0-1"]
[WhiteElo "2225"]
[BlackElo "2475"]
[PlyCount "138"]
[EventDate "1996.??.??"]
[EventType "tourn"]
[EventRounds "11"]
[EventCountry "GRE"]
[EventCategory "4"]
[SourceTitle "EXT 2004"]
[Source "ChessBase"]
[SourceDate "2003.11.25"]
[SourceVersion "1"]
[SourceVersionDate "2003.11.25"]
[SourceQuality "1"]

1. g3 f5 2. Bg2 Nf6 3. f4 e6 4. Nf3 Be7 5. d3 0-0 6. Nc3 d5 7. e4 fxe4 8. dxe4 Bb4 9. 0-0 Bxc3 10. bxc3 Nxe4 11. c4 c6 12. Bb2 Nd7 13. a4 a5 14. Kh1 Qe8 15. Qd4 Rf6 16. Rae1 Qh5 17. Kg1 Nd6 18. cxd5 exd5 19. Ng5 Nf8 20. Re7 Qg6 21. Qc5 Nf5 22. Bxf6 gxf6 23. Bxd5+ cxd5 24. Qxd5+ Be6 25. Rxe6 Nxe6 26. Nxe6 Kh8 27. Qxb7 Re8 28. Re1 Nxg3 29. Qg2 Nh5 30. Qxg6 hxg6 31. Kf2 Rc8 32. Rg1 Rxc2+ 33. Ke3 Rc6 34. Nf8 Rc3+ 35. Kd4 Ra3 36. Nxg6+ Kh7 37. Nf8+ Kh8 38. Ng6+ Kg7 39. Ne5+ Kf8 40. Nc4 Rxa4 41. Rg4 Kf7 42. Kc5 Ra1 43. Kb5 a4 44. Kb4 Ke6 45. Rh4 Ng7 46. Rh6 Nf5 47. Rg6 Kf7 48. Rg2 a3 49. Nxa3 Rf1 50. Rg4 Rf3 51. Nc4 Ke6 52. h4 Rh3 53. Nb6 Nxh4 54. Nc4 Nf5 55. Rg8 Rf3 56. Re8+ Kf7 57. Rc8 Rxf4 58. Kb5 Rxc4 59. Kxc4 Nd6+ 60. Kd5 Nxc8 61. Ke4 Ke6 62. Kf4 f5 63. Kf3 Nd6 64. Ke3 Ke5 65. Kf3 f4 66. Kf2 Ne4+ 67. Ke2 Ng3+ 68. Kf2 Ke4 69. Kg1 f3 0-1

[Event "GRE-ch active"]
[Site "Athens"]
[Date "1996.??.??"]
[Round "9"]
[White "Dedes, Nikolaos"]
[Black "Kagas, Konstantinos"]
[Result "0-1"]
[WhiteElo "2225"]
[BlackElo "2080"]
[PlyCount "116"]
[EventDate "1996.??.??"]
[EventType "tourn"]
[EventRounds "11"]
[EventCountry "GRE"]
[EventCategory "4"]
[SourceTitle "EXT 2004"]
[Source "ChessBase"]
[SourceDate "2003.11.25"]
[SourceVersion "1"]
[SourceVersionDate "2003.11.25"]
[SourceQuality "1"]

1. g3 g6 2. Bg2 Bg7 3. Nf3 Nf6 4. 0-0 0-0 5. d3 d6 6. e4 e5 7. Nbd2 c6 8. c3 Nbd7 9. Re1 Re8 10. d4 Qc7 11. Qc2 exd4 12. cxd4 c5 13. a4 b6 14. d5 Ba6 15. Nc4 Ng4 16. h3 Nge5 17. Nfxe5 Nxe5 18. Nxe5 Bxe5 19. Bd2 Qd7 20. Bc3 Bxc3 21. Qxc3 f5 22. Bf3 fxe4 23. Bg4 Qg7 24. Be6+ Kh8 25. Rxe4 Qxc3 26. bxc3 Re7 27. f4 Rae8 28. g4 Kg7 29. h4 h6 30. c4 Bc8 31. Rae1 Bxe6 32. dxe6 Kf6 33. Kf2 Rxe6 34. Kf3 Rxe4 35. Rxe4 Rxe4 36. Kxe4 Ke6 37. f5+ gxf5+ 38. gxf5+ Kf6 39. Kd5 Kxf5 40. Kxd6 Kg4 41. Kc6 Kxh4 42. Kb7 Kg5 43. Kxa7 h5 44. Kxb6 h4 45. Kxc5 h3 46. Kb6 h2 47. c5 h1Q 48. c6 Qb1+ 49. Ka7 Qc2 50. Kb7 Qb3+ 51. Kc8 Qg8+ 52. Kb7 Qd5 53. Kb6 Qd6 54. Kb7 Qb4+ 55. Kc8 Kf6 56. c7 Ke7 57. a5 Kd6 58. a6 Qb6 0-1

[Event "GRE-ch active"]
[Site "Athens"]
[Date "1996.??.??"]
[Round "6"]
[White "Dedes, Nikolaos"]
[Black "Papaioannou, Ioannis"]
[Result "0-1"]
[WhiteElo "2225"]
[BlackElo "2425"]
[PlyCount "70"]
[EventDate "1996.??.??"]
[EventType "tourn"]
[EventRounds "11"]
[EventCountry "GRE"]
[EventCategory "4"]
[SourceTitle "EXT 2004"]
[Source "ChessBase"]
[SourceDate "2003.11.25"]
[SourceVersion "1"]
[SourceVersionDate "2003.11.25"]
[SourceQuality "1"]

1. g3 Nf6 2. Bg2 d5 3. Nf3 g6 4. 0-0 Bg7 5. d3 0-0 6. Nc3 c5 7. Bf4 d4 8. Na4 Nfd7 9. c4 Nc6 10. Qc1 e5 11. Bh6 Rb8 12. a3 a6 13. Rb1 Qe7 14. Bxg7 Kxg7 15. Nd2 f5 16. e3 f4 17. exf4 exf4 18. b4 Nce5 19. Qe1 cxb4 20. axb4 f3 21. Bh3 Qg5 22. Bxd7 Bxd7 23. Nc5 Rbe8 24. Qe4 Qxd2 25. Qxd4 Bc8 26. Rfe1 Qg5 27. Re3 Qf5 28. Rbe1 Qh3 29. Rxf3 Rxf3 30. Rxe5 Rxe5 31. Qxe5+ Rf6 32. Ne4 Qe6 33. Qd4 h6 34. h4 g5 35. hxg5 hxg5 0-1

[Event "GRE-ch active"]
[Site "Athens"]
[Date "1996.??.??"]
[Round "5"]
[White "Gesos, Pavlos"]
[Black "Dedes, Nikolaos"]
[Result "0-1"]
[WhiteElo "2395"]
[BlackElo "2225"]
[PlyCount "82"]
[EventDate "1996.??.??"]
[EventType "tourn"]
[EventRounds "11"]
[EventCountry "GRE"]
[EventCategory "4"]
[SourceTitle "EXT 2004"]
[Source "ChessBase"]
[SourceDate "2003.11.25"]
[SourceVersion "1"]
[SourceVersionDate "2003.11.25"]
[SourceQuality "1"]

1. e4 g6 2. d4 Bg7 3. Nc3 c6 4. Nf3 d5 5. h3 dxe4 6. Nxe4 Nd7 7. Bd3 Ngf6 8. 0-0 0-0 9. c3 e5 10. Bg5 exd4 11. Nxd4 Qc7 12. Qf3 Nd5 13. Bc2 Ne5 14. Qg3 c5 15. Nf3 h6 16. Bd2 Nc4 17. Qxc7 Nxc7 18. Bc1 b6 19. Bd3 Be6 20. b3 Na5 21. Bf4 Nd5 22. Be5 f6 23. c4 Nb4 24. Nxf6+ Bxf6 25. Bxg6 Bxe5 26. Nxe5 Nac6 27. Nxc6 Nxc6 28. Be4 Rac8 29. Rad1 Nd4 30. Rfe1 Kg7 31. Bb1 Rf6 32. Re5 Rcf8 33. f3 R8f7 34. Rde1 Bf5 35. Bxf5 Rxf5 36. Re8 Rg5 37. Kh2 h5 38. R1e4 Nf5 39. h4 Rg6 40. R4e6 Nxh4 41. Rxg6+ Nxg6 0-1

[Event "GRE-ch active"]
[Site "Athens"]
[Date "1996.??.??"]
[Round "10"]
[White "Pandavos, Panayotis"]
[Black "Dedes, Nikolaos"]
[Result "1-0"]
[WhiteElo "2375"]
[BlackElo "2225"]
[PlyCount "71"]
[EventDate "1996.??.??"]
[EventType "tourn"]
[EventRounds "11"]
[EventCountry "GRE"]
[EventCategory "4"]
[SourceTitle "EXT 2004"]
[Source "ChessBase"]
[SourceDate "2003.11.25"]
[SourceVersion "1"]
[SourceVersionDate "2003.11.25"]
[SourceQuality "1"]

1. e4 g6 2. d4 Bg7 3. Nc3 c6 4. Be3 d5 5. e5 Nh6 6. Qd2 Nf5 7. 0-0-0 h5 8. Kb1 Nxe3 9. Qxe3 Bf5 10. h3 Nd7 11. Nge2 Bh6 12. f4 h4 13. g4 hxg3 14. Nxg3 e6 15. h4 Qe7 16. h5 0-0-0 17. hxg6 fxg6 18. Nxf5 exf5 19. Bd3 Nf8 20. Rdg1 c5 21. Qf3 cxd4 22. Nxd5 Qc5 23. Nf6 Kb8 24. a3 Qc6 25. Qf1 Ne6 26. Bb5 Qc7 27. Rxg6 d3 28. Bxd3 Bxf4 29. Rxh8 Rxh8 30. Nd5 Qxe5 31. Rxe6 Qxd5 32. Qxf4+ Ka8 33. Qh6 Qd8 34. Qf6 Rh1+ 35. Ka2 Qd5+ 36. c4 1-0

[Event "GRE-chT"]
[Site "Athens"]
[Date "1996.??.??"]
[Round "6"]
[White "Porfiriadis, Sotirios"]
[Black "Dedes, Nikolaos"]
[Result "1-0"]
[WhiteElo "2315"]
[BlackElo "2230"]
[PlyCount "79"]
[EventDate "1996.??.??"]
[EventType "team"]
[EventRounds "9"]
[EventCountry "GRE"]
[SourceTitle "CBM 055 Extra"]
[Source "ChessBase"]
[SourceDate "1997.01.01"]
[SourceVersion "1"]
[SourceVersionDate "1997.01.01"]
[SourceQuality "1"]

1. d4 Nf6 2. c4 g6 3. Nc3 Bg7 4. e4 d6 5. f3 0-0 6. Bg5 c5 7. d5 e6 8. Qd2 h6 9. Be3 exd5 10. cxd5 Nbd7 11. Nh3 a6 12. a4 Kh7 13. Be2 Rb8 14. 0-0 Qe7 15. Nf2 b6 16. Kh1 Re8 17. Rae1 Nh5 18. g4 Nhf6 19. Bf4 Ne5 20. Bg3 g5 21. Ncd1 b5 22. axb5 axb5 23. Ne3 Qb7 24. h4 Qe7 25. hxg5 hxg5 26. Kg2 Kg8 27. Rh1 c4 28. Nc2 Nfd7 29. Rh5 Ng6 30. Nd4 Nde5 31. Rxg5 b4 32. Rh5 c3 33. bxc3 bxc3 34. Qe3 Rb2 35. Nf5 Bxf5 36. gxf5 Nf8 37. Bh4 Qc7 38. f6 Nfg6 39. fxg7 Nc4 40. Qh6 1-0

[Event "GRE-ch active"]
[Site "Athens"]
[Date "1996.??.??"]
[Round "7"]
[White "Vouldis, Angelos"]
[Black "Dedes, Nikolaos"]
[Result "1-0"]
[WhiteElo "2425"]
[BlackElo "2225"]
[PlyCount "83"]
[EventDate "1996.??.??"]
[EventType "tourn"]
[EventRounds "11"]
[EventCountry "GRE"]
[EventCategory "4"]
[SourceTitle "EXT 2004"]
[Source "ChessBase"]
[SourceDate "2003.11.25"]
[SourceVersion "1"]
[SourceVersionDate "2003.11.25"]
[SourceQuality "1"]

1. e4 g6 2. d4 Bg7 3. Nc3 d6 4. h3 a6 5. a4 Nf6 6. g4 c5 7. d5 Qa5 8. Bd2 g5 9. Nf3 h5 10. gxh5 Rxh5 11. Nxg5 Rxg5 12. Bxg5 Nxe4 13. Bd2 Nxd2 14. Qxd2 Nd7 15. Rg1 Ne5 16. Be2 Kf8 17. 0-0-0 Qb4 18. Rxg7 Kxg7 19. Rg1+ Ng6 20. Qg5 Qd4 21. Bd3 Qf6 22. Qe3 Bf5 23. Bxf5 Qxf5 24. Rg5 Qf6 25. h4 Qd4 26. Qxe7 Qxf2 27. h5 Qf4+ 28. Kb1 Kh6 29. Qxb7 Re8 30. Rg1 Ne5 31. Qc7 Nc4 32. Qd7 Rb8 33. b3 Qf6 34. Qh3 Nd2+ 35. Kc1 Nf3 36. Rf1 Qg5+ 37. Kb2 Nd4 38. Rxf7 c4 39. Ne4 Qe5 40. Qe3+ Kxh5 41. Qh3+ Kg6 42. Qh7# 1-0

[Event "Athens op"]
[Site "Athens"]
[Date "1993.??.??"]
[Round "6"]
[White "Dedes, Nikolaos"]
[Black "Luther, Thomas"]
[Result "0-1"]
[WhiteElo "2245"]
[BlackElo "2480"]
[PlyCount "74"]
[EventDate "1993.07.??"]
[EventType "swiss"]
[EventRounds "9"]
[EventCountry "GRE"]
[SourceTitle "TD"]
[Source "ChessBase"]
[SourceDate "1994.03.01"]
[SourceVersion "1"]
[SourceVersionDate "1994.03.01"]
[SourceQuality "1"]

1. g3 d5 2. Bg2 Nf6 3. Nf3 c6 4. c4 dxc4 5. Qc2 Qd5 6. 0-0 Bf5 7. Qc3 Nbd7 8. Na3 b5 9. Nh4 Be4 10. f3 Bg6 11. Nxg6 hxg6 12. f4 Qh5 13. h4 e6 14. Qf3 Rc8 15. b3 cxb3 16. axb3 e5 17. fxe5 Qxe5 18. Nc2 Bd6 19. d4 Qxg3 20. e4 Qxf3 21. Rxf3 Bb8 22. e5 Nd5 23. Bh3 f5 24. exf6 gxf6 25. Ba3 f5 26. Re1+ Kf7 27. Nb4 N7f6 28. Nd3 Rxh4 29. Ne5+ Bxe5 30. dxe5 Ne4 31. Bc1 Rch8 32. Bg2 Ke6 33. Rd3 Rg4 34. Kf1 Rh2 35. Re2 Rh7 36. Rc2 Nb4 37. Bxe4 fxe4 0-1

[Event "Athens Akropolis op"]
[Site "Athens"]
[Date "1992.??.??"]
[Round "7"]
[White "Dedes, Nikolaos"]
[Black "Nikolaidis, Konstantinos"]
[Result "0-1"]
[WhiteElo "2310"]
[BlackElo "2230"]
[PlyCount "68"]
[EventDate "1992.??.??"]
[EventType "swiss"]
[EventRounds "9"]
[EventCountry "GRE"]
[SourceTitle "TD"]
[Source "ChessBase"]
[SourceDate "1994.03.01"]
[SourceVersion "1"]
[SourceVersionDate "1994.03.01"]
[SourceQuality "1"]

1. e4 e5 2. Nc3 Nf6 3. Bc4 Nc6 4. d3 Be7 5. f4 d6 6. a3 exf4 7. Bxf4 Ne5 8. Ba2 Bg4 9. Nge2 Nh5 10. Be3 Bh4+ 11. Kd2 Bg5 12. Qg1 Be6 13. h3 Bxa2 14. Rxa2 0-0 15. Ra1 f5 16. exf5 Rxf5 17. Ne4 Be7 18. N4g3 Nxg3 19. Nxg3 Rf3 20. Qh2 Bg5 21. Rae1 Bh4 22. Ne4 Bxe1+ 23. Rxe1 Rf5 24. Qg3 Qe7 25. Bg5 Qf7 26. d4 Nc4+ 27. Kc3 Nb6 28. b3 Rf8 29. Kb2 Qg6 30. Be7 Re8 31. Qh4 Rh5 32. Qf4 Nd5 33. Qf3 Rf5 34. Nf6+ gxf6 0-1

[Event "Katerini op"]
[Site "Katerini"]
[Date "1992.??.??"]
[Round "?"]
[White "Dedes, Nikolaos"]
[Black "Skembris, Spyridon"]
[Result "1/2-1/2"]
[WhiteElo "2245"]
[BlackElo "2520"]
[PlyCount "83"]
[EventDate "1992.08.??"]
[EventType "swiss"]
[EventRounds "9"]
[EventCountry "GRE"]
[SourceTitle "CBM 032 Extra"]
[Source "ChessBase"]
[SourceDate "1993.03.01"]
[SourceVersion "1"]
[SourceVersionDate "1993.03.01"]
[SourceQuality "1"]

1. Nf3 d5 2. g3 Nd7 3. Bg2 Ngf6 4. 0-0 c6 5. d3 e5 6. Nc3 h6 7. e4 dxe4 8. dxe4 Bc5 9. Nh4 Nb6 10. Qxd8+ Kxd8 11. Nf5 Bxf5 12. exf5 Kc7 13. Re1 Rhe8 14. Ne4 Nxe4 15. Bxe4 Nd7 16. Be3 Rad8 17. Bf3 Bxe3 18. Rxe3 Nb6 19. Bh5 Re7 20. Rae1 f6 21. Be2 Rd2 22. Bd3 Na4 23. Rb1 Nc5 24. Re2 Rxe2 25. Bxe2 Rd7 26. Kf1 Rd2 27. Rc1 e4 28. Ke1 Rd5 29. g4 a5 30. b3 Nd3+ 31. cxd3 exd3 32. Rd1 dxe2 33. Rxd5 cxd5 34. Kxe2 Kd6 35. Kd3 Kc5 36. a3 b6 37. Kc3 h5 38. gxh5 b5 39. b4+ axb4+ 40. axb4+ Kc6 41. Kd4 Kd6 42. f4 1/2-1/2

[Event "GRE-ch"]
[Site "Liosia"]
[Date "1991.??.??"]
[Round "?"]
[White "Dedes, Nikolaos"]
[Black "Martidis, Alkis"]
[Result "1-0"]
[WhiteElo "2275"]
[BlackElo "2355"]
[PlyCount "63"]
[EventDate "1991.??.??"]
[EventType "tourn"]
[EventRounds "14"]
[EventCountry "GRE"]
[EventCategory "3"]
[SourceTitle "EXT 2003"]
[Source "ChessBase"]
[SourceDate "2002.11.25"]
[SourceVersion "1"]
[SourceVersionDate "2002.11.25"]
[SourceQuality "1"]

1. g3 e5 2. Bg2 d5 3. d3 c6 4. Nf3 Bd6 5. 0-0 Nf6 6. Nc3 0-0 7. e4 h6 8. Nd2 Bc7 9. h3 Na6 10. Re1 Re8 11. a3 Nc5 12. b4 Ne6 13. exd5 cxd5 14. Nf3 a5 15. Bb2 Ng5 16. Nxg5 hxg5 17. Qd2 axb4 18. axb4 Rxa1 19. Bxa1 Bb8 20. Qxg5 Qb6 21. Nxd5 Nxd5 22. Bxd5 Qxb4 23. Re4 Qb1+ 24. Kg2 Qxa1 25. Rh4 Be6 26. Bxe6 fxe6 27. Qg6 Re7 28. Qh7+ Kf7 29. Qh5+ g6 30. Qh8 g5 31. Rh7+ Kg6 32. Rh6+ 1-0

[Event "GRE-ch"]
[Site "Liosia"]
[Date "1991.??.??"]
[Round "?"]
[White "Dedes, Nikolaos"]
[Black "Nikolaidis, Konstantinos"]
[Result "1-0"]
[WhiteElo "2275"]
[BlackElo "2245"]
[PlyCount "113"]
[EventDate "1991.??.??"]
[EventType "tourn"]
[EventRounds "14"]
[EventCountry "GRE"]
[EventCategory "3"]
[SourceTitle "EXT 2003"]
[Source "ChessBase"]
[SourceDate "2002.11.25"]
[SourceVersion "1"]
[SourceVersionDate "2002.11.25"]
[SourceQuality "1"]

1. Nf3 Nf6 2. g3 c6 3. Bg2 d6 4. d4 Nbd7 5. Nc3 e5 6. e4 Be7 7. 0-0 0-0 8. a4 Re8 9. h3 Qc7 10. Re1 Nf8 11. Be3 Ne6 12. a5 c5 13. d5 Nd4 14. Nd2 Bd7 15. Ncb1 Kh8 16. c3 Nb5 17. Nc4 Rg8 18. f4 Ne8 19. Nbd2 f6 20. Rf1 g6 21. Kh2 Ng7 22. Qc2 Raf8 23. f5 Qc8 24. g4 g5 25. h4 h6 26. Rf3 Ne8 27. Rh3 Kg7 28. Bf3 Rh8 29. Kg2 Rfg8 30. Kf2 Nec7 31. Nf1 Be8 32. Ng3 Bf7 33. Qd3 Qe8 34. Bd1 Kf8 35. b4 Qd8 36. Ba4 Be8 37. Rah1 Kg7 38. Qc2 Bf7 39. Kf3 Be8 40. hxg5 hxg5 41. Qh2 Rxh3 42. Qxh3 Nxc3 43. Bxg5 fxg5 44. f6+ Kxf6 45. Qh7 Bg6 46. Rh6 N7xd5 47. Rxg6+ Rxg6 48. Nh5+ Ke6 49. Qxg6+ Bf6 50. exd5+ Nxd5 51. Be8 Qc7 52. Qg8+ Ke7 53. Qxd5 Kxe8 54. Nxd6+ Ke7 55. Nf5+ Kf8 56. Nxf6 e4+ 57. Qxe4 1-0

[Event "Athens-ch"]
[Site "Athens"]
[Date "1991.??.??"]
[Round "?"]
[White "Grivas, Efstratios"]
[Black "Dedes, Nikolaos"]
[Result "1-0"]
[WhiteElo "2425"]
[BlackElo "2275"]
[PlyCount "95"]
[EventDate "1991.??.??"]
[EventType "swiss"]
[EventRounds "9"]
[EventCountry "GRE"]
[SourceTitle "EXT 2004"]
[Source "ChessBase"]
[SourceDate "2003.11.25"]
[SourceVersion "1"]
[SourceVersionDate "2003.11.25"]
[SourceQuality "1"]

1. d4 Nf6 2. Nf3 g6 3. c4 Bg7 4. Nc3 c5 5. d5 d6 6. e4 b5 7. cxb5 0-0 8. a4 a6 9. h3 e6 10. dxe6 Bxe6 11. Be2 d5 12. exd5 Nxd5 13. Nxd5 Qxd5 14. 0-0 Qxd1 15. Rxd1 Bb3 16. Re1 Re8 17. Be3 axb5 18. Bxb5 Rc8 19. Nd2 Bd5 20. Rac1 Bxb2 21. Rxc5 Rxc5 22. Bxc5 Nc6 23. Nc4 Bc3 24. Re3 Ba5 25. Nxa5 Nxa5 26. Re7 Rc8 27. Bb6 Nc4 28. Bd4 Nd6 29. Rd7 Nxb5 30. axb5 Be6 31. Ra7 Bd5 32. b6 f6 33. Bxf6 Rb8 34. Bd4 Rb7 35. Ra5 Be6 36. Ra8+ Kf7 37. Rh8 Bd5 38. Rxh7+ Ke6 39. Rxb7 Bxb7 40. f3 Kd5 41. Be3 Ke5 42. Kf2 Kf6 43. g4 Bc8 44. Kg3 Ba6 45. h4 Bc8 46. h5 gxh5 47. gxh5 Kf5 48. f4 1-0

[Event "GRE-ch"]
[Site "Liosia"]
[Date "1991.??.??"]
[Round "?"]
[White "Lirindzakis, Timotheos"]
[Black "Dedes, Nikolaos"]
[Result "1/2-1/2"]
[WhiteElo "2275"]
[BlackElo "2275"]
[PlyCount "87"]
[EventDate "1991.??.??"]
[EventType "tourn"]
[EventRounds "14"]
[EventCountry "GRE"]
[EventCategory "3"]
[SourceTitle "EXT 2003"]
[Source "ChessBase"]
[SourceDate "2002.11.25"]
[SourceVersion "1"]
[SourceVersionDate "2002.11.25"]
[SourceQuality "1"]

1. c4 Nf6 2. Nf3 g6 3. g3 Bg7 4. Bg2 0-0 5. 0-0 d6 6. d4 Nc6 7. Nc3 Bg4 8. d5 Na5 9. Qd3 c5 10. Nd2 a6 11. Rb1 Qd7 12. b3 Rab8 13. f3 Bh3 14. Bxh3 Qxh3 15. Nde4 Nd7 16. f4 Qf5 17. Bd2 b5 18. cxb5 axb5 19. Nxb5 Rxb5 20. Qxb5 Qxe4 21. e3 Nf6 22. Qxa5 Ng4 23. Rbe1 Qxd5 24. Re2 Ra8 25. Qb5 Rxa2 26. Bc1 Ra1 27. h3 Nf6 28. Qc4 Qxc4 29. bxc4 Ne4 30. Kg2 Ra4 31. Rc2 Bc3 32. Rd1 f5 33. Rd3 Bb4 34. g4 Kf7 35. Kf3 Ra1 36. Rd1 h6 37. gxf5 gxf5 38. Rd3 Ra4 39. Rd5 e6 40. Rd1 Ra1 41. Rd3 Ke7 42. Rd1 Bc3 43. Rd3 Bb4 44. Rd1 1/2-1/2

[Event "GRE-ch"]
[Site "Liosia"]
[Date "1991.??.??"]
[Round "?"]
[White "Pandavos, Emanouel"]
[Black "Dedes, Nikolaos"]
[Result "0-1"]
[WhiteElo "2355"]
[BlackElo "2275"]
[PlyCount "88"]
[EventDate "1991.??.??"]
[EventType "tourn"]
[EventRounds "14"]
[EventCountry "GRE"]
[EventCategory "3"]
[SourceTitle "EXT 2003"]
[Source "ChessBase"]
[SourceDate "2002.11.25"]
[SourceVersion "1"]
[SourceVersionDate "2002.11.25"]
[SourceQuality "1"]

1. e4 g6 2. d4 Bg7 3. Nf3 d6 4. Nc3 a6 5. Be3 b5 6. Qd2 Bb7 7. Bd3 Nd7 8. 0-0 Ngf6 9. Bh6 Bxh6 10. Qxh6 b4 11. Ne2 Nxe4 12. Qg7 Rf8 13. Qxh7 e6 14. Qh6 Nef6 15. Qh3 Nd5 16. Rfe1 Qf6 17. Qg3 Ne7 18. a3 a5 19. axb4 axb4 20. Rxa8+ Bxa8 21. Ng5 Nf5 22. Nh7 Nxg3 23. Nxf6+ Nxf6 24. Nxg3 Kd7 25. Ra1 Bc6 26. f3 Ra8 27. Rxa8 Bxa8 28. Kf2 Nd5 29. Ne2 e5 30. dxe5 dxe5 31. h4 c5 32. g4 Nf6 33. Ng3 Ke7 34. Ke3 Bd5 35. Ne4 Nd7 36. Bb5 Nb6 37. Nxc5 Bc4 38. Bc6 Kd6 39. Be8 Kxc5 40. b3 Be6 41. h5 gxh5 42. gxh5 Nd5+ 43. Kf2 Nf6 44. Ba4 Nxh5 0-1

[Event "GRE-ch"]
[Site "Liosia"]
[Date "1991.??.??"]
[Round "?"]
[White "Tzermiadianos, Andreas"]
[Black "Dedes, Nikolaos"]
[Result "1-0"]
[WhiteElo "2215"]
[BlackElo "2275"]
[PlyCount "80"]
[EventDate "1991.??.??"]
[EventType "tourn"]
[EventRounds "14"]
[EventCountry "GRE"]
[EventCategory "3"]
[SourceTitle "EXT 2003"]
[Source "ChessBase"]
[SourceDate "2002.11.25"]
[SourceVersion "1"]
[SourceVersionDate "2002.11.25"]
[SourceQuality "1"]

1. e4 g6 2. d4 Bg7 3. Nc3 d6 4. f4 c6 5. Nf3 Bg4 6. Be3 Nd7 7. Be2 e5 8. 0-0 Qb6 9. fxe5 dxe5 10. Ng5 Bxe2 11. Qxe2 exd4 12. Rxf7 0-0-0 13. Rxg7 dxe3 14. Nf7 Qxb2 15. Qe1 Ngf6 16. Rb1 Qxc2 17. Qxe3 Nb6 18. Nxh8 Rxh8 19. Qd4 Rf8 20. h3 Nh5 21. Qd6 Qf2+ 22. Kh1 Nxg7 23. Nd5 cxd5 24. Rc1+ Nc4 25. Qxd5 Kb8 26. Qxc4 a6 27. Qc7+ Ka7 28. Qxg7 Rf7 29. Qa1 Rc7 30. Rg1 Rc2 31. a4 Ra2 32. Qd1 Qd2 33. Qb3 Rb2 34. Qc4 Rb4 35. Qc5+ Ka8 36. Rf1 Rd4 37. e5 Rd8 38. Kh2 Qe2 39. Rf7 Re8 40. Rf8 Rxf8 1-0

[Event "GRE-ch"]
[Site "Serres"]
[Date "1990.??.??"]
[Round "2"]
[White "Dedes, Nikolaos"]
[Black "Pandavos, Emanouel"]
[Result "1-0"]
[WhiteElo "2295"]
[BlackElo "2370"]
[PlyCount "81"]
[EventDate "1990.??.??"]
[EventType "tourn"]
[EventRounds "15"]
[EventCountry "GRE"]
[EventCategory "3"]
[SourceTitle "EXT 1997"]
[Source "ChessBase"]
[SourceDate "1996.11.15"]
[SourceVersion "1"]
[SourceVersionDate "1996.11.15"]
[SourceQuality "1"]

1. g3 d5 2. Bg2 c6 3. Nf3 Bg4 4. h3 Bh5 5. d3 Nf6 6. 0-0 e6 7. Nbd2 Nbd7 8. e4 Be7 9. b3 0-0 10. Bb2 Ne8 11. Qe1 Nc7 12. Nh2 f6 13. f4 Bb4 14. a3 Ba5 15. g4 Bg6 16. Nhf3 dxe4 17. dxe4 Qe7 18. Qg3 Bxd2 19. Nxd2 e5 20. f5 Bf7 21. a4 Rfd8 22. Ba3 c5 23. Rfd1 b5 24. Bf1 Rab8 25. axb5 Nxb5 26. Bb2 Nf8 27. Ra5 Nd4 28. Qc3 Qb7 29. Rda1 Qb4 30. Rxc5 Nxc2 31. Qxb4 Nxb4 32. Bc3 Rd7 33. g5 Nd3 34. Bxd3 Rxd3 35. Rxa7 Rg3+ 36. Kf2 Rxg5 37. Rcc7 Bh5 38. b4 g6 39. Rg7+ Kh8 40. Nc4 gxf5 41. Rxg5 1-0

[Event "Athens tt"]
[Site "Athens"]
[Date "1989.??.??"]
[Round "?"]
[White "Psaras, Stilianos"]
[Black "Dedes, Nikolaos"]
[Result "1-0"]
[WhiteElo "2265"]
[BlackElo "2280"]
[PlyCount "58"]
[EventDate "1989.??.??"]
[EventType "team"]
[EventRounds "9"]
[EventCountry "GRE"]
[SourceTitle "EXT 2005"]
[Source "ChessBase"]
[SourceDate "2004.11.15"]
[SourceVersion "1"]
[SourceVersionDate "2004.11.15"]
[SourceQuality "1"]

1. d4 Nf6 2. c4 g6 3. Nc3 Bg7 4. e4 d6 5. Nge2 0-0 6. Ng3 c5 7. d5 e6 8. Be2 exd5 9. exd5 Nbd7 10. Bf4 Ne8 11. Qd2 a6 12. h4 f5 13. h5 Bf6 14. hxg6 hxg6 15. Rh6 Kg7 16. 0-0-0 Ne5 17. Rdh1 Nf7 18. Rh7+ Kg8 19. Qd3 b5 20. Qf3 bxc4 21. Nf1 Ng5 22. Qg3 Nxh7 23. Qxg6+ Ng7 24. Qxh7+ Kf7 25. Ng3 Rg8 26. Rh6 Be5 27. Bxe5 dxe5 28. Bxc4 Qg5+ 29. Kb1 Kf8 1-0